| 000 | 01916nam a22003257a 4500 | ||
|---|---|---|---|
| 005 | 20100331104535.0 | ||
| 008 | 100331t xxu||||| |||| 00| 0 eng d | ||
| 010 | _aENG-95930 B-425247-249, B-425572 | ||
| 020 |
_a0195689585 _c695.00 |
||
| 020 |
_a9780195689587 _c695.00 |
||
| 035 | _aEN-79463 B-425247-249, B-425572 | ||
| 037 | _bDBAD/PUB | ||
| 037 | _bRBC/VEN | ||
| 040 | _aDPL | ||
| 082 | _a820.8 | ||
| 245 |
_aGrey areas: _bAn anthology of Indian fiction on ageing/ _cedited by Ira Raja |
||
| 260 |
_aNew Delhi _bOxford university press _c2010 |
||
| 270 |
_aYMCA library building, Jai Singh Road _bNew Delhi _e110001 |
||
| 300 |
_axxxii, 253p. : _c24cm. (Hb) |
||
| 500 | _aincludes glossary and biographical notes | ||
| 650 |
_aAging _xFiction _zIndia _927308 |
||
| 700 |
_aRaja, Ira _927309 |
||
| 942 |
_2ddc _cEN _mRAJ _h820.8 |
||
| 999 |
_c34925 _d34925 |
||